Music

Bibliographic Details
Main Author: Ardley, Neil
Format: Book
Published: London : Dorling Kindersley , 1990
Series:Eyewitness guides
Subjects:

MARC

LEADER 00000cam a2200000 7i4500
001 0000005231
005 20131021.0
020 |a 0863183395 
090 0 0 |a 001   |b EYE 
100 1 |a Ardley, Neil 
245 0 0 |a Music   |c written by Neil Ardley 
260 |a London :   |b Dorling Kindersley ,   |c 1990 
300 |a 66p. :   |b ill. ;   |c 28cm. 
490 0 |a Eyewitness guides 
650 0 0 |a Music instruments 
999 |a 015509   |b BUKU   |c RUJUKAN   |e PERPUSTAKAAN KOMUNITI PETALING JAYA 
999 |a 033618   |b BUKU   |c JUNIOR BOOKS   |e PERPUSTAKAAN KOMUNITI PETALING JAYA 
999 |a 133158   |b BUKU   |c JUNIOR BOOKS   |e PERPUSTAKAAN KOMUNITI PETALING JAYA